00336 a2200121 45000010005000001000016000052450038000212600014000590900015000739420023000889990019001119520084001303154 aAchyat, K.S aEducational & national cherectots abAshihc c2435d2435 aNUST-CAEcMc15947 c238227d238227 001040708NFICaCAEbCAEd2017-04-03l0pCAE65630r2017-04-05w2017-04-05yBK